[Event "Mittelrhein Verbandsliga Ost 1415"]
[Site "Mittelrhein"]
[Date "2015.01.11"]
[Round "6.4"]
[White "Wambach, Patrick"]
[Black "Meissner, Wolf Dieter"]
[Result "1-0"]
[WhiteElo "1924"]
[BlackElo "1974"]
[PlyCount "73"]
[EventDate "2014.09.07"]
[EventType "team-tourn"]
[EventRounds "11"]
[EventCountry "GER"]
[SourceTitle "EXT 2023"]
[Source "ChessBase"]
[SourceDate "2022.10.05"]
[SourceVersion "1"]
[SourceVersionDate "2022.10.05"]
[SourceQuality "1"]
[WhiteTeam "Siebengebirge"]
[BlackTeam "Lohmar"]
[WhiteTeamCountry "GER"]
[BlackTeamCountry "GER"]

1. Nf3 c5 2. c4 Nf6 3. g3 g6 4. Bg2 Bg7 5. 0-0 0-0 6. Nc3 Nc6 7. Rb1 d5 8. cxd5 Nxd5 9. Qb3 Nxc3 10. bxc3 Rb8 11. d3 Qc7 12. Rd1 e5 13. Be3 b6 14. Rbc1 h6 15. Qa4 Ne7 16. d4 Nf5 17. Bd2 e4 18. Bf4 Qb7 19. Nd2 Bd7 20. Qc2 Rbe8 21. Nxe4 Qa6 22. Rd2 cxd4 23. c4 Re6 24. g4 Nh4 25. Bh3 Bc6 26. Nd6 Rd8 27. Bg3 Rxe2 28. Rxe2 Nf3+ 29. Kf1 Ba4 30. Qd3 Ng5 31. Bg2 Bd7 32. h3 Ne6 33. Bd5 Rf8 34. Nb5 Nc5 35. Qf3 Bxb5 36. cxb5 Qxb5 37. Bd6 1-0

[Event "Troisdorf op"]
[Site "Troisdorf"]
[Date "2014.11.04"]
[Round "3"]
[White "Froitzheim, Ralf"]
[Black "Meissner, Wolf Dieter"]
[Result "1-0"]
[WhiteElo "1953"]
[BlackElo "2231"]
[PlyCount "79"]
[EventDate "2014.10.21"]
[EventType "swiss"]
[EventRounds "7"]
[EventCountry "GER"]
[SourceTitle "EXT 2016"]
[Source "ChessBase"]
[SourceDate "2015.10.08"]
[SourceVersion "1"]
[SourceVersionDate "2015.10.08"]
[SourceQuality "1"]

1. c4 c5 2. g3 g6 3. Bg2 Bg7 4. Nc3 Nf6 5. a3 Nc6 6. Rb1 0-0 7. b4 cxb4 8. axb4 d6 9. Nf3 e5 10. d3 h6 11. 0-0 Be6 12. b5 Ne7 13. Ba3 Qc7 14. b6 axb6 15. Nb5 Qd7 16. Bxd6 e4 17. Ne5 Qd8 18. d4 Ne8 19. c5 bxc5 20. Bxc5 Bf5 21. e3 Rc8 22. Nc4 Be6 23. Ncd6 Nxd6 24. Nxd6 Rb8 25. Nxb7 Qd7 26. Bxe4 f5 27. Bg2 g5 28. Nd6 f4 29. exf4 gxf4 30. Re1 Rxb1 31. Qxb1 fxg3 32. hxg3 Bxd4 33. Bxd4 Qxd6 34. Qe4 Bf7 35. Ba1 Re8 36. Qg4+ Ng6 37. Rxe8+ Bxe8 38. Be4 Bf7 39. Qc8+ Kh7 40. Qh8# 1-0

[Event "Mittelrhein Verbandsliga Ost 1314"]
[Site "Mittelrhein"]
[Date "2013.11.24"]
[Round "4.4"]
[White "Herzwurm, Robert"]
[Black "Meissner, Wolf Dieter"]
[Result "1-0"]
[WhiteElo "2052"]
[BlackElo "1944"]
[PlyCount "109"]
[EventDate "2013.09.15"]
[EventType "team-tourn"]
[EventRounds "11"]
[EventCountry "GER"]
[SourceTitle "EXT 2023"]
[Source "ChessBase"]
[SourceDate "2022.10.05"]
[SourceVersion "1"]
[SourceVersionDate "2022.10.05"]
[SourceQuality "1"]
[WhiteTeam "Euskirchen Turm"]
[BlackTeam "Lohmar"]
[WhiteTeamCountry "GER"]
[BlackTeamCountry "GER"]

1. e4 g6 2. d4 Bg7 3. Nc3 d6 4. Be3 Nf6 5. f3 c6 6. Qd2 b5 7. Nge2 Nbd7 8. g4 Nb6 9. Ng3 h5 10. g5 Nfd7 11. h4 b4 12. Nd1 a5 13. a3 c5 14. c3 bxc3 15. bxc3 Qc7 16. Be2 0-0 17. 0-0 Bb7 18. f4 Rac8 19. Rb1 Ba8 20. d5 e6 21. c4 exd5 22. cxd5 Rce8 23. Bb5 Rd8 24. Qxa5 Nxd5 25. Bd2 Rb8 26. exd5 Nb6 27. Nc3 Qc8 28. f5 Bd4+ 29. Kh2 gxf5 30. Bd3 f4 31. Rxf4 Be5 32. Bf5 Qd8 33. Rff1 Nc4 34. Qxd8 Rfxd8 35. Rxb8 Rxb8 36. Rb1 Rxb1 37. Nxb1 Bxd5 38. Kh3 Nxd2 39. Nxd2 c4 40. Ndf1 c3 41. Bc2 Bf3 42. Nh2 Bb7 43. Nxh5 Bc8+ 44. Kg2 d5 45. Nf3 Bd6 46. Nf6+ Kh8 47. Nxd5 Bxa3 48. Nxc3 Bb2 49. Nd5 Bg4 50. Kg3 Bh5 51. Nf4 Bxf3 52. Kxf3 Kg7 53. Kg4 f6 54. Nh5+ Kf7 55. g6+ 1-0

[Event "Troisdorf op"]
[Site "Troisdorf"]
[Date "2013.11.05"]
[Round "3"]
[White "Meissner, Wolf Dieter"]
[Black "Sejdini, Valentin"]
[Result "1-0"]
[WhiteElo "2231"]
[BlackElo "1836"]
[PlyCount "37"]
[EventDate "2013.10.22"]
[EventType "swiss"]
[EventRounds "7"]
[EventCountry "GER"]
[SourceTitle "EXT 2016"]
[Source "ChessBase"]
[SourceDate "2015.10.08"]
[SourceVersion "1"]
[SourceVersionDate "2015.10.08"]
[SourceQuality "1"]

1. e4 e5 2. Nf3 Nc6 3. Bc4 Bc5 4. c3 d6 5. d4 exd4 6. cxd4 Bb4+ 7. Nc3 Bd7 8. Qb3 Qf6 9. 0-0 Bxc3 10. bxc3 Na5 11. Qb4 Nxc4 12. Qxc4 Rc8 13. Re1 Kf8 14. e5 Qg6 15. Ba3 b5 16. Qe2 c5 17. exd6 c4 18. Ne5 Qf5 19. Qf3 1-0

[Event "Troisdorf op"]
[Site "Troisdorf"]
[Date "2012.10.23"]
[Round "1"]
[White "Memmesheimer, Thomas"]
[Black "Meissner, Wolf Dieter"]
[Result "0-1"]
[WhiteElo "1772"]
[BlackElo "2231"]
[PlyCount "56"]
[EventDate "2012.10.23"]
[EventType "swiss"]
[EventRounds "7"]
[EventCountry "GER"]
[SourceTitle "EXT 2014"]
[Source "ChessBase"]
[SourceDate "2013.11.20"]
[SourceVersion "1"]
[SourceVersionDate "2013.11.20"]
[SourceQuality "1"]

1. d4 Nf6 2. Nf3 g6 3. Bf4 Bg7 4. c4 0-0 5. h3 d5 6. e3 c5 7. Nc3 cxd4 8. Nxd4 Nc6 9. Nxc6 bxc6 10. Be2 Re8 11. cxd5 Nxd5 12. Nxd5 cxd5 13. Qd2 Qb6 14. Rb1 Bf5 15. Bd3 Bxd3 16. Qxd3 Qa5+ 17. b4 Qxa2 18. 0-0 Rac8 19. Rfd1 e6 20. Rdc1 Qa4 21. Bd6 Rc6 22. Bc5 Rec8 23. Rb3 a6 24. Ra3 Qb5 25. Qb1 Bf8 26. Ra5 Qb6 27. Qa1 Qxb4 28. Rb1 Rxc5 0-1

[Event "Troisdorf op"]
[Site "Troisdorf"]
[Date "2011.11.01"]
[Round "2"]
[White "Schaad, Martin"]
[Black "Meissner, Wolf Dieter"]
[Result "1/2-1/2"]
[WhiteElo "1795"]
[BlackElo "1994"]
[PlyCount "41"]
[EventDate "2011.10.25"]
[EventType "swiss"]
[EventRounds "7"]
[EventCountry "GER"]
[SourceTitle "EXT 2013"]
[Source "ChessBase"]
[SourceDate "2012.11.22"]
[SourceVersion "1"]
[SourceVersionDate "2012.11.22"]
[SourceQuality "1"]

1. e4 e6 2. d4 d5 3. e5 c5 4. c3 Nc6 5. Nf3 Qb6 6. Bd3 cxd4 7. cxd4 Bd7 8. Bc2 Nh6 9. Nc3 Nb4 10. Bb1 Be7 11. 0-0 0-0-0 12. a3 Na6 13. b4 Kb8 14. b5 Bxb5 15. Nxb5 Qxb5 16. Bd3 Qd7 17. Rb1 Ka8 18. Bb5 Qc7 19. Qa4 Rc8 20. Bxa6 bxa6 21. Qxa6 1/2-1/2

[Event "Troisdorf op "]
[Site "Troisdorf"]
[Date "2010.10.26"]
[Round "1"]
[White "Meissner, Wolf Dieter"]
[Black "Trube, Dieter"]
[Result "1-0"]
[WhiteElo "2012"]
[BlackElo "1599"]
[PlyCount "73"]
[EventDate "2010.10.26"]
[EventType "swiss"]
[EventRounds "7"]
[EventCountry "GER"]
[SourceTitle "EXT 2013"]
[Source "ChessBase"]
[SourceDate "2012.11.22"]
[SourceVersion "1"]
[SourceVersionDate "2012.11.22"]
[SourceQuality "1"]

1. c4 Nf6 2. Nc3 e5 3. g3 d6 4. Bg2 Be7 5. e3 0-0 6. Nge2 Nc6 7. d4 exd4 8. exd4 Re8 9. 0-0 Bf5 10. h3 Nb4 11. a3 Nd3 12. Nf4 Nxc1 13. Rxc1 c6 14. g4 Bg6 15. Nxg6 hxg6 16. b4 a5 17. b5 d5 18. bxc6 bxc6 19. Qa4 Qb6 20. cxd5 cxd5 21. Bxd5 Rad8 22. Rfd1 Qd6 23. Bc6 Rf8 24. Nb5 Qf4 25. Qxa5 Nxg4 26. hxg4 Qxg4+ 27. Bg2 Bf6 28. Qb4 Rfe8 29. Re1 Rxe1+ 30. Rxe1 Bxd4 31. Nxd4 Rxd4 32. Qb8+ Kh7 33. Qh2+ Qh4 34. Qxh4+ Rxh4 35. Ra1 f5 36. a4 g5 37. a5 1-0

[Event "Troisdorf op"]
[Site "Troisdorf"]
[Date "2008.11.24"]
[Round "7"]
[White "Koopmeiners, Karl"]
[Black "Meissner, Wolf Dieter"]
[Result "1-0"]
[WhiteElo "1950"]
[BlackElo "1973"]
[PlyCount "76"]
[EventDate "2008.10.14"]
[EventType "swiss"]
[EventRounds "7"]
[EventCountry "GER"]
[SourceTitle "EXT 2011"]
[Source "ChessBase"]
[SourceDate "2010.11.26"]
[SourceVersion "1"]
[SourceVersionDate "2010.11.26"]
[SourceQuality "1"]

1. d4 Nf6 2. c4 g6 3. Nc3 Bg7 4. e4 d6 5. Nf3 0-0 6. Be2 Nbd7 7. 0-0 e5 8. Be3 c6 9. d5 cxd5 10. cxd5 h6 11. Nd2 g5 12. Nb5 Nc5 13. Qc2 Na6 14. Nc4 Ne8 15. Nxa7 f5 16. f3 f4 17. Bf2 Nf6 18. Nb6 Rxa7 19. Qxc8 Nc5 20. Bxc5 dxc5 21. Qxc5 g4 22. Rfc1 gxf3 23. Bxf3 Ne8 24. Nd7 Ra5 25. Qc8 Nd6 26. Qxd8 Rxd8 27. Rc7 Ne8 28. Rxb7 Nd6 29. Rb8 Rxb8 30. Nxb8 Rb5 31. Nc6 Rxb2 32. a4 Nc4 33. a5 Bf8 34. a6 Bc5+ 35. Kh1 Nb6 36. Nxe5 Bd4 37. Nc6 Bc3 38. a7 Na8 1-0

[Event "Troisdorf op"]
[Site "Troisdorf"]
[Date "2008.11.18"]
[Round "6"]
[White "Meissner, Wolf Dieter"]
[Black "Froitzheim, Ralf"]
[Result "1-0"]
[WhiteElo "1973"]
[BlackElo "1870"]
[PlyCount "83"]
[EventDate "2008.10.14"]
[EventType "swiss"]
[EventRounds "7"]
[EventCountry "GER"]
[SourceTitle "EXT 2011"]
[Source "ChessBase"]
[SourceDate "2010.11.26"]
[SourceVersion "1"]
[SourceVersionDate "2010.11.26"]
[SourceQuality "1"]

1. b3 d5 2. Bb2 Nf6 3. e3 c6 4. f4 Bg4 5. Nf3 Nbd7 6. h3 Bxf3 7. Qxf3 Qc7 8. d4 e6 9. Bd3 Be7 10. 0-0 h5 11. Nd2 0-0-0 12. c4 Rdg8 13. e4 dxe4 14. Nxe4 Nxe4 15. Bxe4 Bf6 16. Kh1 Rd8 17. Rad1 c5 18. Qf2 cxd4 19. Bxd4 Bxd4 20. Rxd4 Nf6 21. Bf3 b6 22. Rfd1 Rxd4 23. Qxd4 Rd8 24. Bb7+ Kxb7 25. Qxd8 Qxf4 26. Qe7+ Qc7 27. Qxc7+ Kxc7 28. Kg1 Ne4 29. Rd3 f5 30. Kf1 g5 31. b4 h4 32. Ke2 a6 33. Re3 a5 34. a3 Kc6 35. Rxe4 fxe4 36. Ke3 axb4 37. axb4 b5 38. cxb5+ Kxb5 39. Kxe4 Kxb4 40. Ke5 Kc4 41. Kxe6 Kd4 42. Kf5 1-0

[Event "Troisdorf op"]
[Site "Troisdorf"]
[Date "2007.10.23"]
[Round "2"]
[White "Meissner, Wolf Dieter"]
[Black "Cohnen, Michael"]
[Result "1-0"]
[WhiteElo "2231"]
[BlackElo "1781"]
[PlyCount "141"]
[EventDate "2007.10.16"]
[EventType "swiss"]
[EventRounds "5"]
[EventCountry "GER"]
[SourceTitle "EXT 2011"]
[Source "ChessBase"]
[SourceDate "2010.11.26"]
[SourceVersion "1"]
[SourceVersionDate "2010.11.26"]
[SourceQuality "1"]

1. e4 c5 2. Nc3 Nc6 3. g3 d6 4. Bg2 Nf6 5. d3 e6 6. Nge2 Be7 7. 0-0 0-0 8. f4 a6 9. Kh1 Qc7 10. Be3 Bd7 11. f5 e5 12. h3 Rac8 13. g4 Nd4 14. Ng3 Bc6 15. g5 Nd7 16. Nd5 Bxd5 17. exd5 Kh8 18. c3 Nb5 19. Qh5 g6 20. Qh4 Rg8 21. Be4 Nf8 22. fxg6 fxg6 23. Rf7 Rg7 24. Rxg7 Kxg7 25. Rf1 Kg8 26. Qh6 Re8 27. Nh5 Bd8 28. Nf6+ Bxf6 29. Rxf6 Rd8 30. Bf3 Qg7 31. Bg4 Nc7 32. c4 Ne8 33. Rf2 Nc7 34. b4 b6 35. bxc5 bxc5 36. Qxg7+ Kxg7 37. Rb2 Ne8 38. Bd2 Kg8 39. a4 Ra8 40. a5 Ra7 41. Rb6 Kf7 42. Bc8 Ke7 43. Rxa6 Rxa6 44. Bxa6 Nc7 45. Bb7 Nd7 46. a6 Nb6 47. Ba5 Nxa6 48. Bxa6 Na4 49. Bc8 Nb2 50. Kg2 Nxd3 51. Kf3 Nb2 52. Ba6 Nd3 53. Bd2 Nb2 54. Bb5 Nd3 55. Ke2 e4 56. Ke3 Ne5 57. Kxe4 Nf7 58. h4 Ne5 59. Bc3 Ng4 60. Kf3 h5 61. Ba4 Nh2+ 62. Kf4 Ng4 63. Bd1 Nf2 64. Be2 Kf7 65. Ke3 Nh3 66. Be1 Ke7 67. Bg3 Ng1 68. Kf2 Nxe2 69. Kxe2 Kd7 70. Be1 Kc7 71. Kd3 1-0

[Event "Troisdorf op"]
[Site "Troisdorf"]
[Date "2005.10.18"]
[Round "1.4"]
[White "Kocur, Beata"]
[Black "Meissner, Wolf Dieter"]
[Result "0-1"]
[WhiteElo "1754"]
[BlackElo "2003"]
[PlyCount "78"]
[EventDate "2005.10.18"]
[EventType "swiss"]
[EventRounds "7"]
[EventCountry "GER"]
[SourceTitle "EXT 2006"]
[Source "ChessBase"]
[SourceDate "2005.11.24"]
[SourceVersion "1"]
[SourceVersionDate "2005.11.24"]
[SourceQuality "1"]

1. e4 g6 2. d4 Bg7 3. Nf3 d6 4. h3 Nf6 5. Bd3 0-0 6. 0-0 c5 7. c3 Nc6 8. Be3 cxd4 9. Nxd4 d5 10. Nxc6 bxc6 11. Nd2 Qc7 12. Rc1 Rd8 13. Qc2 Rb8 14. Nb3 e5 15. Bg5 Re8 16. Rce1 a5 17. Nd2 Bd7 18. c4 d4 19. c5 Qa7 20. f4 Nh5 21. fxe5 Rxe5 22. Nf3 Rxc5 23. Qf2 Be6 24. g4 Nf6 25. Bf4 Rd8 26. Nd2 a4 27. e5 Nd5 28. Bg5 Rb8 29. Ne4 Ra5 30. Nf6+ Nxf6 31. Bxf6 Bf8 32. a3 c5 33. Qh4 c4 34. Bh8 cxd3 35. Qf6 Rxb2 36. Rf3 Qb7 37. Ref1 d2 38. Qxe6 Qxf3 39. Qc4 d1Q 0-1